| 000 | 00511nam a2200181Ia 4500 | ||
|---|---|---|---|
| 008 | 240925s9999 xx 000 0 und d | ||
| 020 | _a9781292083049 | ||
| 082 | _a658.4092019 FLE | ||
| 100 | _aFleming, Kerrie | ||
| 245 | 4 | _aThe leader's guide to emotional agility: how to use soft skills to get hard results | |
| 250 | _aNA | ||
| 260 |
_aLondon: _bPearson education _c,2016. |
||
| 300 |
_a302p. _b0 _fOriginal |
||
| 500 | _aIncludes Index | ||
| 600 | _aManagement | ||
| 650 | _aManagement | ||
| 942 | _cBK | ||
| 999 |
_c17590 _d17590 |
||